000 00604nam a22001457a 4500
020 _a978-0-00-728224-1
082 _a823
_bCHR/E
100 _aCHRISTIE, AGATHA
245 _aENDLESS NIGHT
260 _aLONDON
_bHARPER COLLINS
300 _a303
520 _aThe story begins with Michael Rogers, a twenty-two year old, telling the reader about his time as a chauffeur and how he met the architect Rudolf Santonix. He plans to one day have a house built by Santonix. Mike is poor though, and so can't afford to hire Santonix to build the house he wants.
650 _aNOVEL
_zUNITED KINGDOM
942 _cBK
999 _c2979
_d2979